| 000 | 00779cam a2200217 a 4500 | ||
|---|---|---|---|
| 001 | 1595934 | ||
| 005 | 20180111041738.0 | ||
| 008 | 940328s1995 caua 001 0 eng | ||
| 010 | _a 94010584 | ||
| 020 | _a0534219721 (acidfree paper) | ||
| 040 |
_aDLC _cDLC _dDLC |
||
| 041 | _aeng | ||
| 080 | _a808.0427 WIN | ||
| 082 | 0 | 0 |
_a808.0427 WIN _220 |
| 100 | 1 | _a46 | |
| 101 | _aEDU | ||
| 245 | 1 | 0 |
_aWriting paragraphs and essays : _cJoy Wingersky, Jan Boerner, Diana Holguin-Balogh. |
| 906 |
_a7 _bcbc _corignew _d1 _eocip _f19 _gy-gencatlg |
||
| 942 |
_2ddc _cBK |
||
| 999 |
_c40069 _d40069 |
||